[Event "Verbandsliga Nord Baden 1112"]
[Site "Germany"]
[Date "2012.04.29"]
[Round "9.5"]
[White "Wissinger, Peter"]
[Black "Zilberman, Polina"]
[Result "1/2-1/2"]
[WhiteElo "2054"]
[BlackElo "2205"]
[PlyCount "78"]
[EventDate "2011.10.09"]
[EventType "team-tourn"]
[EventRounds "9"]
[EventCountry "GER"]
[SourceTitle "EXT 2013"]
[Source "ChessBase"]
[SourceDate "2012.11.22"]
[SourceVersion "1"]
[SourceVersionDate "2012.11.22"]
[SourceQuality "1"]
[WhiteTeam "Lindenhof"]
[BlackTeam "Walldorf"]
[WhiteTeamCountry "GER"]
[BlackTeamCountry "GER"]

1. Nf3 d5 2. c4 c6 3. b3 Nf6 4. g3 Bg4 5. Bg2 e6 6. Bb2 Be7 7. 0-0 h6 8. d3 0-0 9. Nbd2 Nbd7 10. Qc2 a5 11. a3 Re8 12. e4 dxe4 13. dxe4 Nc5 14. Ne5 Bh5 15. h3 Nfd7 16. Ndf3 Nxe5 17. Nxe5 f6 18. g4 fxe5 19. gxh5 Qd3 20. Qxd3 Nxd3 21. Bc3 Red8 22. Rfd1 Bf6 23. Bf3 b6 24. Kf1 Nc5 25. b4 axb4 26. axb4 Rxa1 27. Rxa1 Nb3 28. Rd1 Rxd1+ 29. Bxd1 Nd4 30. Ke1 Kf7 31. Kd2 c5 32. Kd3 Bh4 33. bxc5 bxc5 34. f4 exf4 35. Bxd4 cxd4 36. Kxd4 Bf2+ 37. Ke5 Be3 38. Bg4 Ke7 39. Bf3 Kd7 1/2-1/2

[Event "Verbandsliga Nord Baden 1112"]
[Site "Germany"]
[Date "2012.03.25"]
[Round "8.4"]
[White "Wissinger, Peter"]
[Black "Benend, Andreas"]
[Result "1/2-1/2"]
[WhiteElo "2054"]
[BlackElo "2229"]
[PlyCount "26"]
[EventDate "2011.10.09"]
[EventType "team-tourn"]
[EventRounds "9"]
[EventCountry "GER"]
[SourceTitle "EXT 2013"]
[Source "ChessBase"]
[SourceDate "2012.11.22"]
[SourceVersion "1"]
[SourceVersionDate "2012.11.22"]
[SourceQuality "1"]
[WhiteTeam "Lindenhof"]
[BlackTeam "Ladenburg"]
[WhiteTeamCountry "GER"]
[BlackTeamCountry "GER"]

1. Nf3 b6 2. d4 Nf6 3. g3 Bb7 4. Bg2 e6 5. 0-0 d5 6. Bg5 Be7 7. Nbd2 0-0 8. c4 Nbd7 9. e3 c5 10. Rc1 Rc8 11. a3 cxd4 12. Nxd4 Ba6 13. b4 Ne5 1/2-1/2

[Event "Bad Woerishofen Seniors op 28th"]
[Site "Bad Woerishofen"]
[Date "2012.03.09"]
[Round "8.9"]
[White "Wissinger, Peter"]
[Black "Raedeker, Bernd"]
[Result "0-1"]
[WhiteElo "1956"]
[BlackElo "2096"]
[PlyCount "108"]
[EventDate "2012.03.02"]
[EventType "swiss"]
[EventRounds "9"]
[EventCountry "GER"]
[SourceTitle "EXT 2022"]
[Source "ChessBase"]
[SourceDate "2021.10.06"]
[SourceVersion "1"]
[SourceVersionDate "2021.10.06"]
[SourceQuality "1"]

1. Nf3 d5 2. c4 d4 3. b4 f6 4. e3 c5 5. bxc5 Nc6 6. Bb2 e5 7. exd4 exd4 8. d3 Bxc5 9. g3 Bf5 10. Nh4 Qe7+ 11. Qe2 Bg4 12. Qxe7+ Ngxe7 13. a3 0-0-0 14. h3 Bh5 15. Nd2 Rhe8 16. Ne4 Bb6 17. g4 Ba5+ 18. Kd1 f5 19. Ng3 Bg6 20. gxf5 Bf7 21. Bg2 g5 22. fxg6 Nxg6 23. Nxg6 Bxg6 24. Kc2 Ne5 25. Ne4 Nxc4 26. Rhd1 Bxe4 27. Bxe4 Nxb2 28. Kxb2 Bc3+ 29. Kb3 Bxa1 30. Rxa1 h6 31. Kc4 Rf8 32. f3 Rf7 33. Rg1 Rd6 34. Rg4 Rc7+ 35. Kb4 Rf7 36. a4 Kc7 37. a5 a6 38. Kc5 Rfd7 39. f4 b6+ 40. axb6+ Rxb6 41. f5 h5 42. Rg5 h4 43. Rh5 a5 44. Rxh4 a4 45. Rh8 Ra6 46. Rg8 a3 47. Rg1 a2 48. Ra1 Rdd6 49. h4 Rdb6 50. Bd5 Ra5+ 51. Kxd4 Rd6 52. f6 Rdxd5+ 53. Ke4 Re5+ 54. Kd4 Rf5 0-1

[Event "Bad Woerishofen Seniors op 28th"]
[Site "Bad Woerishofen"]
[Date "2012.03.08"]
[Round "7.8"]
[White "Lang, Ferdinand"]
[Black "Wissinger, Peter"]
[Result "1/2-1/2"]
[WhiteElo "2044"]
[BlackElo "1956"]
[PlyCount "112"]
[EventDate "2012.03.02"]
[EventType "swiss"]
[EventRounds "9"]
[EventCountry "GER"]
[SourceTitle "EXT 2022"]
[Source "ChessBase"]
[SourceDate "2021.10.06"]
[SourceVersion "1"]
[SourceVersionDate "2021.10.06"]
[SourceQuality "1"]

1. e4 e5 2. Nf3 Nc6 3. Bb5 a6 4. Ba4 d6 5. c3 Bd7 6. 0-0 g6 7. d4 Bg7 8. Re1 h6 9. Nbd2 Nge7 10. Nf1 0-0 11. Ng3 Kh7 12. dxe5 dxe5 13. Be3 b6 14. Qc2 Qc8 15. Nd2 Be6 16. Bb3 Na5 17. Bxe6 Qxe6 18. b3 c5 19. Rad1 Nec6 20. Ndf1 Nb7 21. Bc1 Rfd8 22. Ne3 Ne7 23. Ne2 b5 24. a3 c4 25. bxc4 bxc4 26. Rxd8 Rxd8 27. Rd1 Rxd1+ 28. Nxd1 Nc5 29. Nb2 Nc6 30. Ng3 Bf8 31. Be3 Nb3 32. a4 Bc5 33. Bxc5 Nxc5 34. Nf1 Na5 35. Ne3 Nd7 36. Nd5 Qd6 37. h3 f5 38. Ne3 f4 39. Nexc4 Nxc4 40. Nxc4 Qe6 41. Qb3 h5 42. Qb4 Kh6 43. a5 f3 44. Ne3 fxg2 45. Kxg2 Nf6 46. Qb6 Qf7 47. f3 Qa2+ 48. Kg1 Qe2 49. Nf5+ Kg5 50. Qe3+ Qxe3+ 51. Nxe3 Nd7 52. Nc4 Kf4 53. Kf2 Nc5 54. h4 Nd3+ 55. Ke2 Nc1+ 56. Kf2 Nd3+ 1/2-1/2

[Event "Bad Woerishofen Seniors op 27th"]
[Site "Bad Woerishofen"]
[Date "2011.03.25"]
[Round "2"]
[White "Bhend, Edwin"]
[Black "Wissinger, Peter"]
[Result "1-0"]
[WhiteElo "2252"]
[BlackElo "2054"]
[PlyCount "89"]
[EventDate "2011.03.24"]
[EventType "swiss"]
[EventRounds "9"]
[EventCountry "GER"]
[SourceTitle "EXT 2012"]
[Source "ChessBase"]
[SourceDate "2011.11.24"]
[SourceVersion "1"]
[SourceVersionDate "2011.11.24"]
[SourceQuality "1"]

1. e4 e5 2. Nf3 Nc6 3. Nc3 Nf6 4. Bb5 Bb4 5. 0-0 Bxc3 6. bxc3 d6 7. Re1 Bd7 8. d4 Qe7 9. Ba3 0-0-0 10. Qd3 Qe8 11. Rab1 Nb8 12. Bxd7+ Nbxd7 13. Qb5 Nb6 14. dxe5 Qxb5 15. Rxb5 dxe5 16. Nxe5 Rd2 17. Rb2 Rhd8 18. Nxf7 Nc4 19. Nxd8 Nxb2 20. e5 Ne8 21. Bxb2 Kxd8 22. Rc1 c6 23. c4 Nc7 24. Bc3 Rd7 25. f3 Ne6 26. Kf2 Ke8 27. Ke3 g5 28. g3 Kf7 29. Rh1 Kg6 30. h4 h6 31. h5+ Kg7 32. f4 Rf7 33. Rf1 gxf4+ 34. gxf4 Kf8 35. Ke4 Nc5+ 36. Ke3 Ne6 37. Bb4+ c5 38. Bc3 Rf5 39. Ke4 Rxh5 40. f5 Nc7 41. Bd2 b6 42. Bf4 Rh4 43. Rd1 Ke7 44. Rd6 h5 45. f6+ 1-0

[Event "Verbandsliga Nord Baden 0910"]
[Site "Germany"]
[Date "2010.03.28"]
[Round "8.7"]
[White "Wissinger, Peter"]
[Black "Hoehler, Waldemar"]
[Result "0-1"]
[WhiteElo "2054"]
[BlackElo "1962"]
[PlyCount "172"]
[EventDate "2009.10.11"]
[EventType "team-tourn"]
[EventRounds "9"]
[EventCountry "GER"]
[SourceTitle "EXT 2011"]
[Source "ChessBase"]
[SourceDate "2010.11.26"]
[SourceVersion "1"]
[SourceVersionDate "2010.11.26"]
[SourceQuality "1"]
[WhiteTeam "Lindenhof"]
[BlackTeam "Walldorf"]
[WhiteTeamCountry "GER"]
[BlackTeamCountry "GER"]

1. Nf3 c5 2. c4 e6 3. g3 d5 4. Bg2 Nc6 5. 0-0 Nf6 6. b3 Be7 7. Bb2 0-0 8. d3 d4 9. e3 e5 10. exd4 exd4 11. Re1 Qc7 12. a3 Bf5 13. Qc2 h6 14. Nbd2 Rfe8 15. Re2 Bd6 16. Rae1 Kf8 17. Nh4 Bh7 18. Ne4 Nxe4 19. Bxe4 Bxe4 20. Rxe4 Qd7 21. Bc1 Rxe4 22. Rxe4 Re8 23. Rxe8+ Qxe8 24. Kf1 Qe6 25. Qe2 Qh3+ 26. Kg1 g5 27. Nf3 Qf5 28. Kg2 Qg6 29. Bd2 f5 30. b4 Qf6 31. b5 Ne7 32. h4 g4 33. Nh2 Ng8 34. f3 h5 35. Bg5 Qf7 36. fxg4 fxg4 37. Nf1 Qe8 38. Qxe8+ Kxe8 39. Nd2 Be7 40. Bxe7 Kxe7 41. Ne4 b6 42. Kf2 Nh6 43. Ke2 Nf5 44. Kd2 Ke6 45. Ke2 Ke5 46. Kd2 Ne3 47. Ke2 Nxc4 48. Nxc5 Nxa3 49. Nd7+ Ke6 50. Nf8+ Kf7 51. Nd7 Nxb5 52. Kd2 Ke6 53. Nf8+ Kd5 54. Ng6 Nd6 55. Nf4+ Ke5 56. Nxh5 Nf5 57. Kc2 a5 58. Kb3 b5 59. Ka3 Ke6 60. Nf4+ Ke5 61. Ne2 Ng7 62. Nf4 Kf5 63. Kb3 Ke5 64. Ng6+ Kd6 65. Nf4 Nf5 66. Ne2 Ke5 67. Ka3 Ng7 68. Nf4 Kf5 69. Kb3 Ne8 70. Ne2 Ke5 71. Nf4 Nf6 72. Ng6+ Kd6 73. Nf4 Nd7 74. Kb2 b4 75. Ne2 Nc5 76. Nxd4 Nxd3+ 77. Kb3 Kd5 78. Nc2 Nc5+ 79. Kb2 Ke4 80. Ne1 a4 81. Nc2 Nd3+ 82. Kb1 b3 83. Na1 Kf3 84. Nxb3 axb3 85. h5 Ne5 86. Kb2 Kxg3 0-1

[Event "Bad Woerishofen op 24th"]
[Site "Bad Woerishofen"]
[Date "2008.03.07"]
[Round "9"]
[White "Wissinger, Peter"]
[Black "Westerman, Hendrik W"]
[Result "0-1"]
[WhiteElo "1932"]
[BlackElo "1840"]
[PlyCount "64"]
[EventDate "2008.02.28"]
[EventType "swiss"]
[EventRounds "9"]
[EventCountry "GER"]
[SourceTitle "EXT 2022"]
[Source "ChessBase"]
[SourceDate "2021.10.06"]
[SourceVersion "1"]
[SourceVersionDate "2021.10.06"]
[SourceQuality "1"]

1. e4 g6 2. d4 Bg7 3. c4 d6 4. Nc3 e5 5. d5 f5 6. exf5 gxf5 7. Qh5+ Kf8 8. Bg5 Qe8 9. Qf3 Qg6 10. h4 Nf6 11. g3 h6 12. Bd2 Na6 13. h5 Qf7 14. Be2 Nc5 15. 0-0-0 Bd7 16. Qg2 Nce4 17. Nxe4 Nxe4 18. Be3 a6 19. Nf3 b5 20. Nh4 Ke8 21. g4 bxc4 22. gxf5 Ng5 23. f4 exf4 24. Bxf4 Rb8 25. Rd2 c3 26. bxc3 Bxf5 27. Bd3 Bxd3 28. Re1+ Be5 29. Rxd3 Qxf4+ 30. Qd2 Qxh4 31. Rxe5+ dxe5 32. d6 Qh1+ 0-1

[Event "Bad Woerishofen op 24th"]
[Site "Bad Woerishofen"]
[Date "2008.02.29"]
[Round "2"]
[White "Pensold, Heiko"]
[Black "Wissinger, Peter"]
[Result "0-1"]
[WhiteElo "1953"]
[BlackElo "1932"]
[PlyCount "78"]
[EventDate "2008.02.28"]
[EventType "swiss"]
[EventRounds "9"]
[EventCountry "GER"]
[SourceTitle "EXT 2022"]
[Source "ChessBase"]
[SourceDate "2021.10.06"]
[SourceVersion "1"]
[SourceVersionDate "2021.10.06"]
[SourceQuality "1"]

1. d4 Nf6 2. Nf3 g6 3. Nbd2 Bg7 4. e4 d6 5. b3 0-0 6. Bb2 c6 7. Bd3 Nbd7 8. c4 Re8 9. 0-0 e5 10. Bc2 Qc7 11. Rc1 b6 12. Re1 Nf8 13. d5 c5 14. a3 a5 15. Nb1 Bg4 16. Qd3 Nh5 17. g3 Qd7 18. Nfd2 f5 19. f3 Bh3 20. Qe2 Bh6 21. Rcd1 Qe7 22. Nc3 Nd7 23. Nb5 Ndf6 24. Ra1 Rf8 25. Bc3 fxe4 26. Nxe4 Nxe4 27. Bxe4 Rf7 28. b4 a4 29. bxc5 bxc5 30. f4 Bxf4 31. gxf4 Nxf4 32. Qb2 Raf8 33. Kh1 Nd3 34. Bxd3 Rf2 35. Qc1 Qh4 36. Qe3 R8f3 37. Qe4 Rxh2+ 38. Kxh2 Qf2+ 39. Kh1 Qg2# 0-1

[Event "Bad Woerishofen op 24th"]
[Site "Bad Woerishofen"]
[Date "2008.02.28"]
[Round "1"]
[White "Wissinger, Peter"]
[Black "Borovikov, Vladislav"]
[Result "0-1"]
[WhiteElo "2075"]
[BlackElo "2583"]
[PlyCount "48"]
[EventDate "2008.02.28"]
[EventType "swiss"]
[EventRounds "9"]
[EventCountry "GER"]
[SourceTitle "CBM 123 Extra"]
[Source "ChessBase"]
[SourceDate "2008.05.06"]
[SourceVersion "1"]
[SourceVersionDate "2008.05.06"]
[SourceQuality "1"]

1. Nf3 c5 2. c4 Nc6 3. g3 e5 4. Nc3 g6 5. Bg2 Bg7 6. d3 Nge7 7. 0-0 d6 8. e3 0-0 9. Rb1 h6 10. a3 a5 11. b3 Be6 12. Bb2 d5 13. Nb5 Qd7 14. Qc2 Rac8 15. Rfe1 b6 16. Nc3 d4 17. exd4 exd4 18. Ne2 g5 19. Bc1 Ng6 20. Nd2 Bh3 21. Nf1 Nce5 22. f3 Bf5 23. Rd1 Nxd3 24. Rxd3 Ne5 0-1

[Event "Verbandsliga Nord Baden 0607"]
[Site "Germany"]
[Date "2006.11.26"]
[Round "3.6"]
[White "Wissinger, Peter"]
[Black "Behling, Robert"]
[Result "0-1"]
[WhiteElo "2075"]
[BlackElo "2247"]
[PlyCount "80"]
[EventDate "2006.10.22"]
[EventType "team"]
[EventRounds "9"]
[EventCountry "GER"]
[SourceTitle "EXT 2008"]
[Source "ChessBase"]
[SourceDate "2007.11.25"]
[SourceVersion "1"]
[SourceVersionDate "2007.11.25"]
[SourceQuality "1"]
[WhiteTeam "Lindenhof"]
[BlackTeam "Hockenheim"]
[WhiteTeamCountry "GER"]
[BlackTeamCountry "GER"]

1. Nf3 d5 2. c4 e6 3. b3 Nf6 4. Bb2 Be7 5. g3 0-0 6. Bg2 c5 7. 0-0 Nc6 8. e3 b6 9. d4 Ba6 10. Nbd2 Rc8 11. Re1 dxc4 12. Nxc4 cxd4 13. exd4 Bxc4 14. bxc4 Na5 15. Ne5 Nxc4 16. Nxc4 Rxc4 17. Qe2 Rc7 18. Rac1 Bb4 19. Rxc7 Qxc7 20. Rc1 Qd7 21. Qc4 Bd6 22. Bf3 Rd8 23. a4 h6 24. Kg2 Qe7 25. Rc2 Rd7 26. Qb5 Rc7 27. Rc6 Qd7 28. Qc4 Rxc6 29. Bxc6 Qc7 30. Bc3 Ne4 31. Bb2 Nd2 32. Qc2 a6 33. d5 exd5 34. Qc3 d4 35. Qc2 d3 36. Qc3 Be5 37. Qxe5 Qxc6+ 38. Kh3 Qe6+ 39. Qxe6 fxe6 40. Kg2 Nc4 0-1

[Event "Verbandsliga Nord Baden 0607"]
[Site "Germany"]
[Date "2006.10.22"]
[Round "1.5"]
[White "Schwab, Markus"]
[Black "Wissinger, Peter"]
[Result "1/2-1/2"]
[WhiteElo "2141"]
[BlackElo "2075"]
[PlyCount "82"]
[EventDate "2006.10.22"]
[EventType "team"]
[EventRounds "9"]
[EventCountry "GER"]
[SourceTitle "EXT 2008"]
[Source "ChessBase"]
[SourceDate "2007.11.25"]
[SourceVersion "1"]
[SourceVersionDate "2007.11.25"]
[SourceQuality "1"]
[WhiteTeam "Mosbach"]
[BlackTeam "Lindenhof"]
[WhiteTeamCountry "GER"]
[BlackTeamCountry "GER"]

1. d4 Nf6 2. c4 g6 3. Nc3 Bg7 4. e4 d6 5. Nf3 0-0 6. Be2 c5 7. dxc5 Qa5 8. 0-0 Qxc5 9. Be3 Qa5 10. Nd4 Nc6 11. Nxc6 bxc6 12. f3 Be6 13. Qa4 Qxa4 14. Nxa4 Nd7 15. Rab1 f5 16. b3 c5 17. Rbc1 fxe4 18. fxe4 Ne5 19. Nc3 Bg4 20. h3 Bxe2 21. Nxe2 Nc6 22. Rxf8+ Rxf8 23. Rf1 Rxf1+ 24. Kxf1 Kf7 25. Nc1 Be5 26. Nd3 Bf6 27. Ke2 Nd4+ 28. Bxd4 Bxd4 29. Kf3 a5 30. Nf4 e6 31. Nd3 Kf6 32. Kf4 Bc3 33. Kg4 Bd4 34. Kf4 Bc3 35. Kf3 Bd4 36. Kf4 Bc3 37. Ke3 Bd4+ 38. Kf3 Bc3 39. Kg4 Bd4 40. Kf3 Bc3 41. Kf4 Bd2+ 1/2-1/2

[Event "Bad Woerishofen op 22nd"]
[Site "Bad Woerishofen"]
[Date "2006.03.24"]
[Round "8"]
[White "Waldschmidt, Georg"]
[Black "Wissinger, Peter"]
[Result "1-0"]
[WhiteElo "2185"]
[BlackElo "2112"]
[PlyCount "35"]
[EventDate "2006.03.17"]
[EventType "swiss"]
[EventRounds "9"]
[EventCountry "GER"]
[SourceTitle "CBM 111 Extra"]
[Source "ChessBase"]
[SourceDate "2006.05.09"]
[SourceVersion "1"]
[SourceVersionDate "2006.05.09"]
[SourceQuality "1"]

1. e4 e5 2. Nc3 Nf6 3. Nf3 Nc6 4. Bb5 Nd4 5. Nxd4 exd4 6. e5 dxc3 7. exf6 Qxf6 8. dxc3 Bc5 9. 0-0 0-0 10. Qh5 Bb6 11. Bd3 g6 12. Qh6 d5 13. Bg5 Qg7 14. Qh4 Re8 15. Bh6 Qe5 16. Rae1 Qxe1 17. Rxe1 Rxe1+ 18. Bf1 1-0

[Event "Bad Woerishofen op 18th"]
[Site "Bad Woerishofen"]
[Date "2002.??.??"]
[Round "8"]
[White "Wissinger, Peter"]
[Black "Bintakies, Michael"]
[Result "0-1"]
[WhiteElo "2500"]
[BlackElo "2185"]
[PlyCount "84"]
[EventDate "2002.03.??"]
[EventType "swiss"]
[EventRounds "9"]
[EventCountry "GER"]
[SourceTitle "EXT 2003"]
[Source "ChessBase"]
[SourceDate "2002.11.25"]
[SourceVersion "1"]
[SourceVersionDate "2002.11.25"]
[SourceQuality "1"]

1. d4 d5 2. Nc3 Bf5 3. g3 e6 4. Bg2 Nf6 5. Bg5 Bb4 6. Qd2 Nbd7 7. a3 Be7 8. Nf3 h6 9. Bxf6 Nxf6 10. 0-0 0-0 11. Ne5 c5 12. e3 Qc7 13. Rac1 Rfc8 14. Rfe1 a6 15. Na2 Ne4 16. Qe2 cxd4 17. exd4 b5 18. c3 Bd6 19. f4 f6 20. Nf3 Qc4 21. Nb4 Bxb4 22. axb4 a5 23. Qxc4 bxc4 24. bxa5 Rxa5 25. Nh4 Rb8 26. g4 Bxg4 27. Bxe4 dxe4 28. Rxe4 Rxb2 29. f5 exf5 30. Re7 g5 31. Ng6 Bh5 32. Rc7 Bxg6 33. Rxc4 Raa2 34. d5 Rg2+ 35. Kf1 Raf2+ 36. Ke1 Ra2 37. Kf1 Rxh2 38. Kg1 Rag2+ 39. Kf1 Rd2 40. Kg1 f4 41. Rc8+ Kg7 42. Rc7+ Bf7 0-1

[Event "Bad Woerishofen op 17th"]
[Site "Bad Woerishofen"]
[Date "2001.??.??"]
[Round "5"]
[White "Dobierzin, Olaf"]
[Black "Wissinger, Peter"]
[Result "0-1"]
[WhiteElo "2163"]
[BlackElo "1965"]
[PlyCount "126"]
[EventDate "2001.03.15"]
[EventType "swiss"]
[EventRounds "9"]
[EventCountry "GER"]
[SourceTitle "CBM 081 Extra"]
[Source "ChessBase"]
[SourceDate "2001.05.06"]
[SourceVersion "1"]
[SourceVersionDate "2001.05.06"]
[SourceQuality "1"]

1. e4 e5 2. Nf3 Nc6 3. Bb5 a6 4. Ba4 d6 5. Bxc6+ bxc6 6. d4 f6 7. Nc3 Ne7 8. Be3 Ng6 9. Qe2 Be6 10. 0-0-0 Be7 11. h4 h5 12. dxe5 fxe5 13. Ng5 Qd7 14. Na4 Bxg5 15. hxg5 h4 16. Nc5 Qf7 17. Nxe6 Qxe6 18. c4 c5 19. g3 hxg3 20. Rxh8+ Nxh8 21. fxg3 Ng6 22. b3 Ke7 23. Rh1 Rh8 24. Rxh8 Nxh8 25. Qh5 Ng6 26. Kd2 Kf7 27. Qf3+ Ke7 28. Ke2 Qf7 29. Qg4 Qe6 30. Qf3 Nf8 31. Qh5 Qg6 32. Qg4 Ne6 33. Kd3 Qf7 34. g6 Qf1+ 35. Kd2 Qg2+ 36. Ke1 Qxa2 37. Bg5+ Kd7 38. Qf5 Qb1+ 39. Kf2 Qc2+ 40. Kf1 Qd1+ 41. Kg2 Qe2+ 42. Kh3 Qxe4 43. Qf7+ Kc6 44. Qxe6 Qh1+ 45. Kg4 Qd1+ 46. Kh4 Qh1+ 47. Qh3 Qe4+ 48. Kh5 Qf3+ 49. Qg4 Qh1+ 50. Bh4 e4 51. Qe6 Qf3+ 52. Qg4 d5 53. cxd5+ Kxd5 54. Qxf3 exf3 55. g4 c4 56. bxc4+ Ke4 57. Be1 Ke3 58. Kg5 a5 59. Kf5 a4 60. Ke6 a3 61. Kf7 a2 62. Bc3 f2 63. Kxg7 f1Q 0-1

[Event "Bad Woerishofen op 17th"]
[Site "Bad Woerishofen"]
[Date "2001.??.??"]
[Round "7"]
[White "Kroencke, Manfred"]
[Black "Wissinger, Peter"]
[Result "1/2-1/2"]
[WhiteElo "2161"]
[BlackElo "1965"]
[PlyCount "48"]
[EventDate "2001.03.15"]
[EventType "swiss"]
[EventRounds "9"]
[EventCountry "GER"]
[SourceTitle "CBM 081 Extra"]
[Source "ChessBase"]
[SourceDate "2001.05.06"]
[SourceVersion "1"]
[SourceVersionDate "2001.05.06"]
[SourceQuality "1"]

1. e4 e5 2. Nf3 Nc6 3. Nc3 Nf6 4. Bb5 d6 5. d4 Bd7 6. 0-0 exd4 7. Nxd4 Be7 8. b3 0-0 9. Bxc6 bxc6 10. h3 Re8 11. Re1 Bf8 12. Bg5 h6 13. Bh4 g5 14. Bg3 c5 15. Nf3 Nh5 16. Bh2 Bg7 17. Qd3 Bc6 18. g4 Qf6 19. Nd5 Bxd5 20. exd5 Nf4 21. Bxf4 Qxf4 22. Rad1 Bf6 23. Re2 Rxe2 24. Qxe2 Kg7 1/2-1/2

[Event "Bad Woerishofen op 17th"]
[Site "Bad Woerishofen"]
[Date "2001.??.??"]
[Round "9"]
[White "Rothenhagen, Siegfried"]
[Black "Wissinger, Peter"]
[Result "0-1"]
[WhiteElo "1715"]
[BlackElo "1965"]
[PlyCount "66"]
[EventDate "2001.03.15"]
[EventType "swiss"]
[EventRounds "9"]
[EventCountry "GER"]
[SourceTitle "CBM 081 Extra"]
[Source "ChessBase"]
[SourceDate "2001.05.06"]
[SourceVersion "1"]
[SourceVersionDate "2001.05.06"]
[SourceQuality "1"]

1. d4 e6 2. Nf3 f5 3. Bf4 Nf6 4. e3 b6 5. Be2 Bb7 6. 0-0 Be7 7. c4 0-0 8. Nc3 Nh5 9. Bg3 Nxg3 10. hxg3 d6 11. d5 e5 12. e4 f4 13. g4 Nd7 14. Nh2 a5 15. Qd3 Nc5 16. Qh3 Bc8 17. g3 Bg5 18. Kg2 Rf6 19. gxf4 Bxf4 20. Rh1 Rh6 21. Qf3 Qh4 22. Rag1 Bxh2 23. Kf1 Qg5 24. Rg2 Bf4 25. Rxh6 Qxh6 26. Nb5 Bd7 27. Nxc7 Rf8 28. Bd3 Qh1+ 29. Ke2 Bd2 30. Qxf8+ Kxf8 31. Rg3 Qe1+ 32. Kf3 Nxd3 33. Rg2 Bf4 0-1

[Event "Bad Woerishofen op 17th"]
[Site "Bad Woerishofen"]
[Date "2001.??.??"]
[Round "8"]
[White "Wissinger, Peter"]
[Black "Huber, Stefan"]
[Result "0-1"]
[WhiteElo "1965"]
[BlackElo "2147"]
[PlyCount "38"]
[EventDate "2001.03.15"]
[EventType "swiss"]
[EventRounds "9"]
[EventCountry "GER"]
[SourceTitle "CBM 081 Extra"]
[Source "ChessBase"]
[SourceDate "2001.05.06"]
[SourceVersion "1"]
[SourceVersionDate "2001.05.06"]
[SourceQuality "1"]

1. Nf3 Nc6 2. e4 d6 3. d4 Bg4 4. Be2 g6 5. Be3 Bg7 6. h3 Bxf3 7. Bxf3 e5 8. c3 exd4 9. cxd4 Qf6 10. e5 dxe5 11. d5 Nd4 12. Qa4+ b5 13. Qa5 Nc2+ 14. Ke2 Nxe3 15. Qxb5+ Kf8 16. fxe3 e4 17. Qc5+ Qd6 18. Qxd6+ cxd6 19. Bxe4 Bxb2 0-1

[Event "Bad Woerishofen op 16th"]
[Site "Bad Woerishofen"]
[Date "2000.03.22"]
[Round "6"]
[White "Koenigseder, Helmuth"]
[Black "Wissinger, Peter"]
[Result "1/2-1/2"]
[WhiteElo "1750"]
[BlackElo "2060"]
[PlyCount "147"]
[EventDate "2000.03.??"]
[EventType "swiss"]
[EventRounds "9"]
[EventCountry "GER"]
[SourceTitle "CBM 075 Extra"]
[Source "ChessBase"]
[SourceDate "2000.05.11"]
[SourceVersion "2"]
[SourceVersionDate "2000.05.11"]
[SourceQuality "1"]

1. e4 e5 2. Nf3 Nc6 3. Bb5 a6 4. Bxc6 dxc6 5. d4 exd4 6. Qxd4 Qxd4 7. Nxd4 c5 8. Nb3 Be6 9. Be3 b6 10. N1d2 f6 11. a4 a5 12. c4 Bd6 13. Nc1 Ne7 14. Nd3 c6 15. Bf4 0-0-0 16. b3 g5 17. Bxd6 Rxd6 18. Nb2 Rhd8 19. Rd1 Ng6 20. Nf3 Rxd1+ 21. Nxd1 Nf4 22. 0-0 Rd3 23. Ne3 Rxb3 24. Ra1 Ne2+ 25. Kf1 Nd4 26. Nd2 Rd3 27. Ra2 b5 28. axb5 cxb5 29. Ke1 a4 30. Nd5 Bxd5 31. exd5 a3 32. cxb5 Nxb5 33. Ne4 Nc3 34. Nxc3 Rxc3 35. Kd2 Rb3 36. Kc2 c4 37. Kc1 c3 38. Ra1 Kd7 39. Kc2 Rb2+ 40. Kxc3 Rxf2 41. Rxa3 Kd6 42. Kd4 Rf4+ 43. Ke3 Kxd5 44. Ra5+ Ke6 45. Ra7 h5 46. Rh7 h4 47. h3 Kf5 48. Ra7 Re4+ 49. Kf3 Re5 50. Ra4 Rb5 51. Ra3 Kg6 52. Rc3 f5 53. Ra3 Kh5 54. Ra4 Rb3+ 55. Kf2 Rb2+ 56. Kf1 g4 57. hxg4+ fxg4 58. Ra5+ Kg6 59. Ra6+ Kg5 60. Ra4 Rb1+ 61. Kf2 g3+ 62. Kf3 Rf1+ 63. Ke3 Rf5 64. Rb4 Rc5 65. Ra4 Rb5 66. Rc4 Rb3+ 67. Ke2 Rb2+ 68. Kf1 Rf2+ 69. Kg1 Rf4 70. Rc5+ Kg4 71. Rc8 Rd4 72. Kf1 Rd1+ 73. Ke2 Rg1 74. Rc4+ 1/2-1/2

[Event "Bad Woerishofen op 16th"]
[Site "Bad Woerishofen"]
[Date "2000.03.21"]
[Round "5"]
[White "Wissinger, Peter"]
[Black "Laengl, Juergen"]
[Result "0-1"]
[WhiteElo "2060"]
[BlackElo "2229"]
[PlyCount "96"]
[EventDate "2000.03.??"]
[EventType "swiss"]
[EventRounds "9"]
[EventCountry "GER"]
[SourceTitle "CBM 075 Extra"]
[Source "ChessBase"]
[SourceDate "2000.05.11"]
[SourceVersion "2"]
[SourceVersionDate "2000.05.11"]
[SourceQuality "1"]

1. Nf3 d5 2. c4 e6 3. b3 Nf6 4. Bb2 Be7 5. g3 0-0 6. Bg2 b6 7. 0-0 Bb7 8. d3 c5 9. e3 Nc6 10. Nbd2 Qc7 11. a3 Rfd8 12. Qc2 h6 13. cxd5 Nxd5 14. d4 cxd4 15. Nxd4 Nxd4 16. Qxc7 Ne2+ 17. Kh1 Nxc7 18. Bxb7 Rab8 19. Bf3 Rxd2 20. Be5 Rc8 21. Rfe1 Nb5 22. Rxe2 Rxe2 23. Bxe2 Nxa3 24. Bd3 Rd8 25. Bf1 a5 26. Bc7 Rd2 27. Bxb6 Rxf2 28. Bxa5 Nc2 29. Kg1 Rf5 30. Rc1 Nxe3 31. b4 Nxf1 32. Rxf1 Rb5 33. Rb1 Kf8 34. Kf2 Ke8 35. Ke3 Bd8 36. Bxd8 Kxd8 37. Kd4 Rd5+ 38. Kc4 Rd2 39. h4 Kc7 40. b5 Kb6 41. Rb3 Rc2+ 42. Kb4 Rc5 43. Ka4 Rc4+ 44. Ka3 h5 45. Rd3 Rg4 46. Rd7 Rxg3+ 47. Kb4 Rg4+ 48. Kc3 Rf4 0-1

[Event "Bad Woerishofen op 16th"]
[Site "Bad Woerishofen"]
[Date "2000.03.19"]
[Round "3"]
[White "Wissinger, Peter"]
[Black "Keller, Manfred"]
[Result "0-1"]
[WhiteElo "2060"]
[BlackElo "2205"]
[PlyCount "62"]
[EventDate "2000.03.??"]
[EventType "swiss"]
[EventRounds "9"]
[EventCountry "GER"]
[SourceTitle "CBM 075 Extra"]
[Source "ChessBase"]
[SourceDate "2000.05.11"]
[SourceVersion "2"]
[SourceVersionDate "2000.05.11"]
[SourceQuality "1"]

1. Nf3 Nf6 2. c4 g6 3. b3 Bg7 4. Bb2 0-0 5. g3 c6 6. Bg2 d5 7. 0-0 Bf5 8. d3 Qc8 9. Re1 Bh3 10. Bh1 Rd8 11. Nbd2 h6 12. Qc2 Na6 13. a3 Qg4 14. Ne5 Qh5 15. Ndf3 d4 16. e3 dxe3 17. Rxe3 Nc7 18. Rae1 e6 19. Nh4 g5 20. Bf3 Ng4 21. Nxg4 Bxg4 22. Bxg7 Kxg7 23. Bxg4 Qxg4 24. Re4 Qh5 25. Qc3+ Kg8 26. Qe5 Ne8 27. d4 Ng7 28. Ng2 Rd7 29. Ne3 f5 30. g4 Qf7 31. gxf5 exf5 0-1